| 000 | 00373nam a2200145Ia 4500 | ||
|---|---|---|---|
| 005 | 20240823064534.0 | ||
| 008 | 240823s9999||||xx |||||||||||||| ||und|| | ||
| 082 | _A621.3191 P7 | ||
| 100 | _aGlover Duncan J et al. | ||
| 245 | 0 | _aPower System Analysis and Design | |
| 260 |
_c2007 _b"Thompson,Aust" |
||
| 500 | _aYES | ||
| 650 |
_aPower System _bElectrical |
||
| 942 | _cNB | ||
| 999 |
_c240959 _d240959 |
||